К пятилетию III Коммунистического интернационала (1919-1924 г.). Сб.2: От Клубного отдела Главполитпросвета (Запись № 13480952)
[ простой вид ]
| 000 -МАРКЕР | |
|---|---|
| контрольное поле | 01537nam2a22002651 4500 |
| 001 - ИДЕНТИФИКАТОР ЗАПИСИ | |
| контрольное поле | RU\NLR\A1SV\51892 |
| 005 - ИДЕНТИФИКАТОР ВЕРСИИ | |
| контрольное поле | 20251203152403.2 |
| 035 ## - ДРУГИЕ СИСТЕМНЫЕ НОМЕРА | |
| Идентификатор записи | (NLR Aleph) 009733872 |
| 100 ## - ДАННЫЕ ОБЩЕЙ ОБРАБОТКИ | |
| Данные общей обработки | 20040707d1924 u y0rusy50 ca |
| 101 0# - ЯЗЫК РЕСУРСА | |
| Язык текста, звукозаписи и т.д. | русский |
| 200 1# - ЗАГЛАВИЕ И СВЕДЕНИЯ ОБ ОТВЕТСТВЕННОСТИ | |
| Основное заглавие | От Клубного отдела Главполитпросвета |
| 215 ## - ФИЗИЧЕСКАЯ ХАРАКТЕРИСТИКА | |
| Специфическое обозначение материала и объем | 111 с. |
| 327 1# - ПРИМЕЧАНИЯ О СОДЕРЖАНИИ | |
| Текст примечания | Ленин и Коминтерн / М.Эпштейн |
| -- | I Конгресс. II Конгресс. III Конгресс / М.Брудный |
| -- | IV Конгресс / Ш. |
| -- | Коммунистический интернационал молодежи / Б.Менис |
| -- | Литература о III Интернационале |
| 461 #1 - УРОВЕНЬ НАБОРА | |
| Встроенное поле | 001RU\NLR\A1SV\51890 |
| -- | 2000#$aК пятилетию III Коммунистического интернационала (1919-1924 г.)$eПособие клуб. работникам деревни$fГлавполитпросвет. Клуб. отд.$vСб.2 |
| Системный номер (АБИС) связанной записи | 9919365 |
| Место публикации | М. |
| Дата публикации | 1924 |
| Первые сведения об ответственности | Главполитпросвет. Клуб. отд. |
| Имя издателя, распространителя и т.д. | Крас. новь |
| Сведения, относящиеся к заглавию | Пособие клуб. работникам деревни |
| Заглавие | К пятилетию III Коммунистического интернационала (1919-1924 г.) |
| Номер тома | Сб.2 |
| 702 #1 - ИМЯ ЛИЦА - ВТОРИЧНАЯ ОТВЕТСТВЕННОСТЬ | |
| Начальный элемент ввода | Эпштейн |
| Часть имени, кроме начального элемента ввода | М. |
| 702 #0 - ИМЯ ЛИЦА - ВТОРИЧНАЯ ОТВЕТСТВЕННОСТЬ | |
| Начальный элемент ввода | Брудный |
| Часть имени, кроме начального элемента ввода | М. |
| 702 #0 - ИМЯ ЛИЦА - ВТОРИЧНАЯ ОТВЕТСТВЕННОСТЬ | |
| Начальный элемент ввода | Ш. |
| 702 #1 - ИМЯ ЛИЦА - ВТОРИЧНАЯ ОТВЕТСТВЕННОСТЬ | |
| Начальный элемент ввода | Менис |
| Часть имени, кроме начального элемента ввода | Б.Я. |
| Даты | 1904-1937 |
| Расширение инициалов личного имени | Борис Яковлевич |
| 801 #0 - ИСТОЧНИК ЗАПИСИ | |
| Страна | Российская Федерация |
| Организация | NLR |
| Дата составления | 20040707 |
| 852 ## - МЕСТОНАХОЖДЕНИЕ И ШИФР ХРАНЕНИЯ | |
| Идентификатор организации | NLR |
| Шифр хранения (Call Number) | 35.52.6.139 |
| 942 ## - ДОПОЛНИТЕЛЬНЫЕ ЭЛЕМЕНТЫ ЗАПИСИ (АБИС) | |
| Тип экземпляра АБИС | Книга |
| 980 ## - КОЛЛЕКЦИЯ | |
| Название коллекции | Международный сводный каталог русской книги (1918-1926) |
| 980 ## - КОЛЛЕКЦИЯ | |
| Название коллекции | Национальная библиография |
Нет доступных экземпляров.